01020nam a2200217Ia 4500100001400000250000600014942000700020366000700027654001700034245008400051260002800135082002000163300000800183546001200191999001700203952011400220952011400334952011400448952012600562952011400688 aBolton/W  a3 cBK f15 aMechatronics aMechatronics:Electronic control system in Mechanical and electrical engineering bPearson Educationc2003 a621.381042bBOL a574 aENGLISH c31210d31210 001040708CRCaCRCEbCRCEd2023-03-17g250.75l0o621.381042 BOLp15330r2023-03-17v295.00w2023-03-17yBK 001040708CRCaCRCEbCRCEd2023-03-17g250.75l0o621.381042 BOLp15331r2023-03-17v295.00w2023-03-17yBK 001040708CRCaCRCEbCRCEd2023-03-17g250.75l0o621.381042 BOLp15332r2023-03-17v295.00w2023-03-17yBK 001040708CRCaCRCEbCRCEd2023-03-17g250.75l1o621.381042 BOLp15333r2025-01-06s2024-08-06v295.00w2023-03-17yBK 001040708CRCaCRCEbCRCEd2023-03-17g250.75l0o621.381042 BOLp15334r2023-03-17v295.00w2023-03-17yBK